[Event "Challenge"]
[Site "http://www.queenalice.com/game.php?id=119708"]
[Date "2006.10.21"]
[Round "-"]
[White "BergkampBra"]
[Black "ENDHER"]
[Result "1/2-1/2"]
[WhiteElo "2140"]
[BlackElo "2191"]

1. d4 Nf6 2. c4 g6 3. Nc3 Bg7 4. e4 d6 5. f4 e6 6. Nf3 O-O 7. Bd3 Nc6 8. O-O e5
9. d5 Nd4 10. fxe5 Nxf3+ 11. Qxf3 Ng4 12. exd6 Bd4+ 13. Kh1 Nxh2 14. Qf4 Nxf1
15. dxc7 Qe8 16. Bxf1 Be5 17. Qf2 f5 18. Bh6 Rf7 19. Qh4 Rxc7 20. Re1 Qe7 21.
Qxe7 Rxe7 22. exf5 Bxf5 23. c5 Bd6 24. Rxe7 Bxe7 25. d6 Bf6 26. Bc4+ Kh8 27. Bd2
Be5 28. Bd5 Rb8 29. Nb5 Bxb2 30. Nxa7 Bd7 31. Bf4 Kg7 32. c6 bxc6 33. Bxc6 g5
34. Bg3 Rd8 35. a4 Kf6 36. Bxd7 Rxd7 37. Nc6 Ke6 38. a5 Ba3 39. a6 Bxd6 40. Bf2
Rc7 41. a7 Rc8 42. g4 Ra8 43. Nd4+ Kd5 44. Nb5 Be5 45. Kg2 Kc6 46. Nd4+ Kb7 47.
Ne6 h6 48. Nc5+ Kc6 49. Nd3 Kd5 50. Nxe5 Kxe5 51. Bg3+ Kf6 52. Bb8 1/2-1/2

[Event "Let's Play Chess!"]
[Site "http://www.queenalice.com/game.php?id=134951"]
[Date "2006.11.30"]
[Round "-"]
[White "BergkampBra"]
[Black "vlad"]
[Result "0-1"]
[WhiteElo "2124"]
[BlackElo "2393"]

1. d4 Nf6 2. c4 e6 3. Nf3 b6 4. g3 Ba6 5. b3 Bb4+ 6. Bd2 Be7 7. Bg2 c6 8. Bc3 d5
9. Ne5 Nfd7 10. Nxd7 Nxd7 11. Nd2 O-O 12. O-O f5 13. Rc1 Rc8 14. Bb2 Bd6 15. Rc2
Qe7 16. f4 Nf6 17. Nf3 c5 18. Ne5 cxd4 19. Bxd4 dxc4 20. Nxc4 Bc5 21. e3 Rfd8
22. Qd3 Rd7 23. Re1 Bxd4 24. exd4 Rcd8 25. Bf3 Ne4 26. Qe3 Rxd4 27. Ne5 Bb7 28.
b4 Qxb4 29. Rc7 Bd5 30. Rxa7 Rd2 31. a4 Qb2 32. h4 Rc8 33. Rd7 h6 34. h5 Rc1 0-1

[Event "Let's Play Chess!"]
[Site "http://www.queenalice.com/game.php?id=136390"]
[Date "2006.12.3"]
[Round "-"]
[White "Carlos75"]
[Black "BergkampBra"]
[Result "1-0"]
[WhiteElo "2381"]
[BlackElo "2008"]

1. e4 e5 2. Nf3 Nc6 3. Bb5 a6 4. Ba4 Nf6 5. O-O Be7 6. d4 exd4 7. Re1 b5 8. Bb3
d6 9. Bd5 Nxd5 10. exd5 Ne5 11. Nxd4 O-O 12. Nc3 Re8 13. a4 b4 14. Na2 a5 15. c3
Bb7 16. cxb4 Bh4 17. Nc2 Qf6 18. Rf1 c5 19. b5 c4 20. Ne3 Rac8 21. Qh5 g6 22.
Qe2 Nd3 23. Nc3 Qd4 24. Qf3 Qf6 25. Qxf6 Bxf6 26. Rd1 Re7 27. Kf1 Rce8 28. Bd2
Nxb2 29. Rdb1 Rxe3 30. fxe3 Nd3 31. Ra3 Nc5 32. b6 Bxc3 33. Bxc3 Rxe3 34. Re1
Rxe1+ 35. Bxe1 Nb3 36. Ra2 Bxd5 37. Re2 Nc5 38. Bxa5 Ne4 39. Rc2 Nc5 40. Rd2 Be4
41. Rxd6 Nb7 42. Rd4 Bc2 43. Bc3 Bxa4 44. Re4 Kf8 45. Bb4+ Kg8 46. Kf2 Bb3 47.
Re8+ 1-0

[Event "Let's Play Chess!"]
[Site "http://www.queenalice.com/game.php?id=136391"]
[Date "2006.12.3"]
[Round "-"]
[White "BergkampBra"]
[Black "Carlos75"]
[Result "0-1"]
[WhiteElo "2127"]
[BlackElo "2312"]

1. d4 Nf6 2. Bf4 d5 3. e3 e6 4. Bd3 Bd6 5. Nf3 O-O 6. Bxd6 cxd6 7. c3 Nc6 8. O-O
e5 9. Nfd2 Be6 10. Na3 a6 11. Nc2 Re8 12. f3 Qd7 13. Qe1 Bf5 14. e4 exd4 15.
cxd4 dxe4 16. fxe4 d5 17. Rxf5 dxe4 18. Qf1 exd3 19. Qxd3 Ne5 20. Qh3 Neg4 21.
Rc5 Rac8 22. Nb3 Re2 23. Rxc8+ Qxc8 24. Ne1 Qe8 25. Qc3 Ne4 26. Qc7 Nef2 27. Nc2
h5 0-1

[Event "Let's Play Chess!"]
[Site "http://www.queenalice.com/game.php?id=136392"]
[Date "2006.12.3"]
[Round "-"]
[White "BergkampBra"]
[Black "gerchurches"]
[Result "0-1"]
[WhiteElo "2102"]
[BlackElo "2238"]

1. d4 d5 2. Nf3 Nf6 3. e3 e6 4. Bd3 c5 5. O-O Nc6 6. Re1 c4 7. Bf1 Bd6 8. Nc3
Bb4 9. Bd2 Bxc3 10. Bxc3 Ne4 11. Qe2 Nxc3 12. bxc3 O-O 13. e4 Qa5 14. Qe3 Qa4
15. Qc1 b6 16. e5 Rb8 17. Ng5 Bb7 18. Be2 b5 19. a3 a6 20. Bh5 Ba8 21. Re3 Rb7
22. Rg3 Ne7 23. Bxf7+ Rxf7 24. Nxf7 Kxf7 25. Qg5 Nf5 26. Qd8 Re7 27. Rf3 Re8 28.
Qd7+ Re7 29. Rxf5+ exf5 30. Qxf5+ Kg8 31. Qc8+ Kf7 32. Qxa8 Qxc2 33. Qxd5+ Kf8
34. Qf3+ Kg8 35. Re1 Re8 36. Rf1 Qg6 37. Qd5+ Qf7 38. Qc6 Qe6 39. Qxe6+ Rxe6 40.
f4 Kf7 41. Kf2 Rh6 42. d5 Ke8 0-1

[Event "Let's Play Chess!"]
[Site "http://www.queenalice.com/game.php?id=136393"]
[Date "2006.12.3"]
[Round "-"]
[White "gerchurches"]
[Black "BergkampBra"]
[Result "1-0"]
[WhiteElo "2296"]
[BlackElo "2006"]

1. e4 Nc6 2. d4 d5 3. exd5 Qxd5 4. Nc3 Qxd4 5. Be3 Qxd1+ 6. Rxd1 Bf5 7. Nb5 Rc8
8. Bd3 Bxd3 9. Rxd3 a6 10. Nc3 Nf6 11. Nf3 e5 12. Bg5 Bb4 13. Bxf6 gxf6 14. a3
Bxc3+ 15. Rxc3 Rg8 16. Rg1 Rd8 17. g4 Rd6 18. Nh4 Rd4 19. Rxc6 Re4+ 20. Kf1 bxc6
21. f3 Rc4 22. c3 Kd7 23. Nf5 Rc5 24. Rg2 Rb8 25. Ke1 Rb3 26. Kd1 Rcb5 27. Kc1
Ke6 28. h4 c5 29. Rd2 Rb8 30. Ng7+ Ke7 31. h5 Kf8 32. Nf5 R3b6 33. a4 c4 34. h6
Re6 35. Ne3 Rc6 36. Nf5 Rc5 37. Rd7 Rc8 38. Kb1 Rc6 39. Kc2 Rb6 40. Rd2 Ke8 41.
Ng7+ Kf8 42. Nf5 Re6 43. Ne3 Rc6 44. Nf5 Re8 45. Rd5 Rb8 46. a5 Ke8 47. Kb1 Ra8
48. Kc2 Kf8 49. Kd2 Re8 50. Ke3 Rb8 51. f4 Re6 52. Rc5 1-0

[Event "Challenge"]
[Site "http://www.queenalice.com/game.php?id=136402"]
[Date "2006.12.2"]
[Round "-"]
[White "Rassend"]
[Black "BergkampBra"]
[Result "1-0"]
[WhiteElo "2290"]
[BlackElo "2065"]

1. e4 e5 2. Nf3 Nf6 3. Nxe5 Qe7 4. d4 Nc6 5. Nxc6 Qxe4+ 6. Be2 dxc6 7. O-O Be6
8. c3 O-O-O 9. Nd2 Qf5 10. Nf3 Bd6 11. Ng5 Rhe8 12. Bd3 Qd5 13. b3 c5 14. Bb5
Rf8 15. Bc4 Qf5 16. Nxe6 fxe6 17. Bd3 Qd5 18. Re1 Rfe8 19. Bb5 c6 20. Bc4 Qf5
21. Bd3 Qd5 22. Bb2 cxd4 23. cxd4 e5 24. Bc4 Qa5 25. Qd3 e4 26. Qh3+ Kb8 27.
Rad1 Bf4 28. Re2 g5 29. Bc3 Qc7 30. g3 Be5 31. Rdd2 Nd5 32. Bb2 Bf6 33. Qf5 Qc8
34. Qxc8+ 1-0

[Event "AUTO-OPEN-332"]
[Site "http://www.queenalice.com/game.php?id=139955"]
[Date "2006.12.11"]
[Round "2"]
[White "anderson"]
[Black "BergkampBra"]
[Result "0-1"]
[WhiteElo "1665"]
[BlackElo "2123"]

1. e4 c5 2. Nf3 d6 3. Nc3 e6 4. d4 cxd4 5. Nxd4 Nc6 6. Bb5 Bd7 7. O-O Nf6 8. Be3
Be7 9. Nxc6 bxc6 10. Bd3 O-O 11. Kh1 e5 12. Ne2 Rb8 13. b3 d5 14. Bxa7 Ra8 15.
Be3 Nxe4 16. f3 Nc5 17. Ng3 Nxd3 18. Qxd3 f5 19. Bd2 f4 20. Ne2 Ba3 21. c4 Bf5
22. Qc3 d4 23. Nxd4 exd4 0-1

[Event "AUTO-OPEN-332"]
[Site "http://www.queenalice.com/game.php?id=139956"]
[Date "2006.12.11"]
[Round "2"]
[White "BergkampBra"]
[Black "anderson"]
[Result "0-1"]
[WhiteElo "2058"]
[BlackElo "1690"]

1. d4 d5 2. c4 e6 3. Nc3 Nf6 4. Nf3 Nc6 5. a3 Be7 6. Bg5 O-O 7. e3 h6 8. Bxf6
Bxf6 9. cxd5 exd5 10. Bd3 Bg4 11. Qb3 Bxf3 12. gxf3 Re8 13. O-O Bh4 14. Qxd5 Qf6
15. Be4 Rad8 16. Qh5 Qg5+ 17. Qxg5 Bxg5 18. Nb5 Re7 19. Bxc6 bxc6 20. Nxa7 Re6
21. Rfc1 Rg6 22. Rxc6 Rdd6 23. Rxd6 cxd6 24. Kf1 d5 0-1

[Event "AUTO-OPEN-332"]
[Site "http://www.queenalice.com/game.php?id=139961"]
[Date "2006.12.11"]
[Round "2"]
[White "BergkampBra"]
[Black "NinjaX"]
[Result "0-1"]
[WhiteElo "2081"]
[BlackElo "2273"]

1. d4 Nf6 2. c4 e6 3. Nc3 Bb4 4. e3 O-O 5. Bd3 d5 6. cxd5 exd5 7. Ne2 Re8 8. O-O
Bd6 9. f3 c5 10. Qe1 Nc6 11. Qh4 h6 12. Nb5 Be7 13. dxc5 Ne4 0-1

[Event "AUTO-OPEN-332"]
[Site "http://www.queenalice.com/game.php?id=139962"]
[Date "2006.12.11"]
[Round "2"]
[White "NinjaX"]
[Black "BergkampBra"]
[Result "1-0"]
[WhiteElo "2279"]
[BlackElo "2073"]

1. e4 c5 2. Nf3 Nc6 3. d4 cxd4 4. Nxd4 Nf6 5. Nc3 d6 6. Bc4 Bd7 7. O-O g6 8.
Nxc6 Bxc6 9. Bg5 Bg7 10. Qd3 h6 11. Bf4 Rc8 12. Rad1 Qa5 13. Nd5 Nxd5 14. exd5
Bd7 15. Rfe1 1-0

[Event "Challenge"]
[Site "http://www.queenalice.com/game.php?id=142553"]
[Date "2006.12.16"]
[Round "-"]
[White "BergkampBra"]
[Black "Bergman"]
[Result "0-1"]
[WhiteElo "2120"]
[BlackElo "2431"]

1. d4 Nf6 2. c4 e6 3. Nc3 Bb4 4. e3 O-O 5. Bd3 d5 6. Ne2 dxc4 7. Bxc4 e5 8. O-O
Nc6 9. d5 Na5 10. Bd3 c6 11. dxc6 Nxc6 12. Qc2 Be6 13. a3 g6 14. e4 Bxc3 15.
bxc3 Qe7 16. Bg5 Rfd8 17. Rad1 Kg7 18. f4 Qxa3 19. Rb1 Rd7 20. Kh1 Rc8 21. Bb5
h6 22. fxe5 Ng4 23. Bf6+ Kg8 24. Rf3 Qa2 25. Rb2 Qa5 26. Qb1 a6 27. Bxc6 Rxc6
28. Nd4 Rcc7 29. h3 Nxe5 30. Rf1 Bc4 31. Rd1 Qc5 0-1

[Event "Challenge"]
[Site "http://www.queenalice.com/game.php?id=142554"]
[Date "2006.12.16"]
[Round "-"]
[White "Bergman"]
[Black "BergkampBra"]
[Result "1-0"]
[WhiteElo "2433"]
[BlackElo "2117"]

1. d4 d5 2. e4 dxe4 3. Nc3 c6 4. f3 Nf6 5. fxe4 e5 6. dxe5 Qxd1+ 7. Kxd1 Ng4 8.
Ke1 Bc5 9. Nf3 Nd7 10. Bf4 O-O 11. h3 Ne3 12. Ke2 Nxc2 13. Rd1 b5 14. Rd2 Nb4
15. a3 Na6 16. b4 Bb6 17. Nd4 Ndb8 18. Nf5 Kh8 19. Rd6 Be6 20. Nd4 Bd7 21. Nf3
Nc7 22. Be3 Bxe3 23. Kxe3 a5 24. Ne1 axb4 25. axb4 Ra3 26. Kd2 Bc8 27. Nd3 Kg8
28. Be2 Re8 29. Kc2 Ra7 30. Rd1 1-0

[Event "Challenge"]
[Site "http://www.queenalice.com/game.php?id=162467"]
[Date "2007.2.2"]
[Round "-"]
[White "PowerGuido"]
[Black "BergkampBra"]
[Result "1-0"]
[WhiteElo "2225"]
[BlackElo "2092"]

1. e4 c5 2. d4 cxd4 3. c3 Nc6 4. cxd4 d5 5. exd5 Qxd5 6. Nf3 e5 7. Nc3 Bb4 8.
Bd2 Bxc3 9. Bxc3 e4 10. Ne5 Nxe5 11. dxe5 Ne7 12. Qe2 O-O 13. Rd1 Qc6 14. Rd6
Qa4 15. b3 1-0